000 00720nam a2200229Ia 4500
005 20260430150235.0
008 008 250103s9999 xx 000 0 eng d
037 _aTheses
040 _aCRL
040 _beng
040 _ceng
041 _2eng
041 _aeng
084 _qCRL
100 _aTyagi Shipra Au.; Urfi Abdul Jamil Gu.; Banerjee Basu Dev Gu.
_91236906
245 0 _aAssessment of Organochlorine Pesticide and heavy metal Residues as an emerging Enviornmental Risk Factor for Etiology of Diabetes Mellitus
260 _c2021
300 _a160p.
700 _aUniversity of Delhi. Faculty of Science. Department of Environmental Studies
_9540397
942 _cTH
999 _c1849303
_d1849303